|
|
|
|
| LEADER |
03471nam a2200673 4500 |
| 001 |
ocn773301842 |
| 003 |
OCoLC |
| 005 |
20170124072428.5 |
| 006 |
m o d |
| 007 |
cr cn||||||||| |
| 008 |
120119s2012 gw a ob 001 0 eng d |
| 040 |
|
|
|a DG1
|b eng
|e pn
|c DG1
|d VPI
|d YDXCP
|d OCLCQ
|d E7B
|d OCLCF
|d NLGGC
|d N$T
|d IDEBK
|d COO
|d OCLCQ
|d DG1
|d GrThAP
|
| 019 |
|
|
|a 839377902
|
| 020 |
|
|
|a 9783527639700
|q (electronic bk.)
|
| 020 |
|
|
|a 3527639705
|q (electronic bk.)
|
| 020 |
|
|
|a 9783527639724
|q (electronic bk.)
|
| 020 |
|
|
|a 3527639721
|q (electronic bk.)
|
| 020 |
|
|
|z 9783527639717
|
| 020 |
|
|
|z 3527639721
|
| 020 |
|
|
|z 3527639713
|
| 020 |
|
|
|z 9783527639731
|
| 020 |
|
|
|z 352763973X
|
| 020 |
|
|
|z 3527409041
|q (print ;
|q acid-free paper)
|
| 020 |
|
|
|z 9783527409044
|q (print ;
|q acid-free paper)
|
| 029 |
1 |
|
|a AU@
|b 000049117652
|
| 029 |
1 |
|
|a DEBBG
|b BV041829403
|
| 029 |
1 |
|
|a NZ1
|b 15916489
|
| 035 |
|
|
|a (OCoLC)773301842
|z (OCoLC)839377902
|
| 037 |
|
|
|a 10.1002/9783527639700
|b Wiley InterScience
|n http://www3.interscience.wiley.com
|
| 050 |
|
4 |
|a QC446.2
|b .S53 2012eb
|
| 072 |
|
7 |
|a SCI
|x 053000
|2 bisacsh
|
| 082 |
0 |
4 |
|a 535.2
|2 23
|
| 084 |
|
|
|a 33.38
|2 bcl
|
| 049 |
|
|
|a MAIN
|
| 100 |
1 |
|
|a Shapiro, Moshe.
|
| 245 |
1 |
0 |
|a Quantum control of molecular processes /
|c Moshe Shapiro and Paul Brumer.
|
| 250 |
|
|
|a 2nd rev. and enlarged ed.
|
| 264 |
|
1 |
|a Weinheim :
|b Wiley-VCH,
|c [2012]
|
| 264 |
|
4 |
|c ©2012
|
| 300 |
|
|
|a 1 online resource (xvii, 544 pages) :
|b illustrations
|
| 336 |
|
|
|a text
|b txt
|2 rdacontent
|
| 337 |
|
|
|a computer
|b c
|2 rdamedia
|
| 338 |
|
|
|a online resource
|b cr
|2 rdacarrier
|
| 500 |
|
|
|a First ed. published as: Principles of the quantum control of molecular processes. Hoboken, N.J. : Wiley-Interscience, ©2003.
|
| 505 |
0 |
|
|a Front Matter -- Preliminaries of the Interaction of Light with Matter -- Weak-Field Photodissociation -- Weak-Field Coherent Control -- Control of Intramolecular Dynamics -- Optimal Control Theory -- Decoherence and Its Effects on Control -- Case Studies in Coherent Control -- Coherent Control of Bimolecular Processes -- The Interaction of Light with Matter: A Closer Look -- Coherent Control with Quantum Light -- Coherent Control beyond the Weak-Field Regime: Bound States and Resonances -- Photodissociation beyond the Weak-Field Regime -- Coherent Control beyond the Weak-Field Regime: The Continuum -- Coherent Control of the Synthesis and Purification of Chiral Molecules -- Strong-Field Coherent Control -- Coherent Control with Few-Cycle Pulses -- Case Studies in Optimal Control -- Coherent Control in the Classical Limit -- Appendix: Common Notation Used in the Book (in Order of Appearance).
|
| 504 |
|
|
|a Includes bibliographical references (pages 513-535) and index.
|
| 588 |
0 |
|
|a Print version record.
|
| 650 |
|
0 |
|a Quantum optics.
|
| 650 |
|
0 |
|a Coherence (Optics)
|
| 650 |
|
0 |
|a Molecular dynamics.
|
| 650 |
|
7 |
|a SCIENCE
|x Physics
|x Optics & Light.
|2 bisacsh
|
| 650 |
|
7 |
|a Coherence (Optics)
|2 fast
|0 (OCoLC)fst00866580
|
| 650 |
|
7 |
|a Molecular dynamics.
|2 fast
|0 (OCoLC)fst01024778
|
| 650 |
|
7 |
|a Quantum optics.
|2 fast
|0 (OCoLC)fst01085118
|
| 655 |
|
4 |
|a Electronic books.
|
| 700 |
1 |
|
|a Brumer, Paul.
|
| 776 |
0 |
8 |
|i Print version:
|a Shapiro, Moshe.
|t Quantum control of molecular processes.
|b 2nd rev. and enlarged ed.
|d Weinheim : Wiley-VCH, ©2012
|z 9783527409044
|w (OCoLC)769807861
|
| 856 |
4 |
0 |
|u https://doi.org/10.1002/9783527639700
|z Full Text via HEAL-Link
|
| 994 |
|
|
|a 92
|b DG1
|